Les ponts dans Pokémon - Statistiques

Statistiques générales
  • Ce quiz a été pris 14 fois
  • Le résultat moyen est 5 sur 9
Statistiques - réponses
Jeu de première apparition Pont % Correct
Noir & Blanc Pont Yoneuve
83%
Noir & Blanc Pont Sagiciel
75%
Noir & Blanc Pont du Hameau
67%
Vert & Rouge Pont Pépite
67%
Soleil & Lune Pont Pépite
67%
Noir & Blanc Pont de l'Inconnu
58%
Noir & Blanc Pont Ferroviaire
42%
Rouge Feu & Vert Feuille Pont du Lien
17%
Légendes Pokémon: Arceus Pont Rocheux
0%
Aucun quiz correspondant
Distribution des résultats
% des personnes avec chaque résultat
Percentile par nombre de réponses
Votre historique - résultats
Vous n’avez pas pris ce quiz